Normal view
MARC view
Entry Personal Name
001 - CONTROL NUMBER
- control field: 160503
003 - CONTROL NUMBER IDENTIFIER
- control field: OSt
005 - DATE AND TIME OF LATEST TRANSACTION
- control field: 20220923211434.0
008 - FIXED-LENGTH DATA ELEMENTS
- fixed length control field: 220923|| aca||aabn | a|a d
040 ## - CATALOGING SOURCE
- Original cataloging agency: OSt
- Transcribing agency: OSt
100 ## - HEADING--PERSONAL NAME
- Personal name: हिना, ज़ाहिदा; सुहेल, तसनीम, अनु
670 ## - SOURCE DATA FOUND
- Source citation: Work cat.: (OSt)299524: हिना, ज़ाहिदा; सुहेल, तसनीम, अनु., आखि़री बूॅंद की ख़ुशबू, 2010
